LEADER 01226nam a2200325 i 4500 001 991000699319707536 005 20020507172432.0 008 971117s1996 us ||| | eng 020 $a0849391253 035 $ab10744903-39ule_inst 035 $aLE01300909$9ExL 040 $aDip.to Matematica$beng 082 0 $a006.3 084 $aAMS 68T 100 1 $aKrishnamoorthy, C. S.$0534699 245 10$aArtificial intelligence and expert systems for engineers /$cC. S. Krishnamoorthy, S. Rajeev 260 $aBoca Raton, FL :$bCRC Press,$cc1996 300 $aix, 297 p. ;$c24 cm + 1 computer disk 490 0 $aNew directions in civil engineering 500 $aIncludes bibliographical references and index 650 4$aArtificial intelligence 650 4$aEngineering-data processing 650 4$aExpert systems (Computer science) 700 1 $aRajeev, S. 907 $a.b10744903$b23-02-17$c28-06-02 912 $a991000699319707536 945 $aLE013 68T KRI11 (1996)$g1$i2013000091785$lle013$o-$pE0.00$q-$rl$s- $t0$u1$v0$w1$x0$y.i10836986$z28-06-02 996 $aArtificial intelligence and expert systems for engineers$9910672 997 $aUNISALENTO 998 $ale013$b01-01-97$cm$da $e-$feng$gus $h0$i1 LEADER 04842nam 2201033z- 450 001 9910557615403321 005 20220321 035 $a(CKB)5400000000045248 035 $a(oapen)https://directory.doabooks.org/handle/20.500.12854/79573 035 $a(oapen)doab79573 035 $a(EXLCZ)995400000000045248 100 $a20202203d2022 |y 0 101 0 $aeng 135 $aurmn|---annan 181 $ctxt$2rdacontent 182 $cc$2rdamedia 183 $acr$2rdacarrier 200 00$aAdvanced Techniques for Design and Manufacturing in Marine Engineering 210 $aBasel$cMDPI - Multidisciplinary Digital Publishing Institute$d2022 215 $a1 online resource (226 p.) 311 08$a3-0365-3114-9 311 08$a3-0365-3115-7 330 $aModern engineering design processes are driven by the extensive use of numerical simulations; naval architecture and ocean engineering are no exception. Computational power has been improved over the last few decades; therefore, the integration of different tools such as CAD, FEM, CFD, and CAM has enabled complex modeling and manufacturing problems to be solved in a more feasible way. Classical naval design methodology can take advantage of this integration, giving rise to more robust designs in terms of shape, structural and hydrodynamic performances, and the manufacturing process.This Special Issue invites researchers and engineers from both academia and the industry to publish the latest progress in design and manufacturing techniques in marine engineering and to debate the current issues and future perspectives in this research area. Suitable topics for this issue include, but are not limited to, the following:CAD-based approaches for designing the hull and appendages of sailing and engine-powered boats and comparisons with traditional techniques;Finite element method applications to predict the structural performance of the whole boat or of a portion of it, with particular attention to the modeling of the material used;Embedded measurement systems for structural health monitoring;Determination of hydrodynamic efficiency using experimental, numerical, or semi-empiric methods for displacement and planning hulls;Topology optimization techniques to overcome traditional scantling criteria based on international standards;Applications of additive manufacturing to derive innovative shapes for internal reinforcements or sandwich hull structures. 606 $aHistory of engineering & technology$2bicssc 606 $aTechnology: general issues$2bicssc 610 $a3-RPS parallel platform 610 $a3-SPR parallel platform 610 $aair cavity ships 610 $aautonomous underwater vehicle (AUV) 610 $abiomimetic design 610 $aboil-off gas (BOG) 610 $aboil-off rate (BOR) 610 $aCAD 610 $aCartesian adaptive grids 610 $acollision avoidance planning 610 $acomputational fluid dynamics 610 $acomputational model 610 $acomputer fluid dynamics 610 $acryogenic tank 610 $adeep reinforcement learning (DRL) 610 $adeep sea 610 $adesign for additive manufacturing 610 $adouble-DQN (D-DQN) 610 $aexcel 610 $afidelity 610 $afinite element analysis (FEA) 610 $afinite element method 610 $aFSI 610 $agennaker 610 $ageometric parameterization 610 $aHigh-Fidelity analysis 610 $ahull design 610 $ahull ventilation 610 $aimmersed boundaries 610 $aLES simulation 610 $alevel 4 sea state 610 $alightweight structure 610 $aliquid nitrogen 610 $amulti-net 610 $amultihull design 610 $an/a 610 $anear-bottom zooplankton 610 $anumerical optimization 610 $aoscillating water column 610 $arational Be?zier curves 610 $asail design 610 $asail loads 610 $asailing yacht design 610 $aSavonius turbine 610 $astepped planing hull 610 $astructure optimization 610 $aturbulent flows 610 $aVBA 610 $avelocity prediction program 610 $avisible sampling 610 $aVPP 610 $awave compensation platform 610 $awave energy converter 610 $aworkspace analysis 615 7$aHistory of engineering & technology 615 7$aTechnology: general issues 700 $aMancuso$b Antonio$4edt$0192132 702 $aTumino$b Davide$4edt 702 $aMancuso$b Antonio$4oth 702 $aTumino$b Davide$4oth 906 $aBOOK 912 $a9910557615403321 996 $aAdvanced Techniques for Design and Manufacturing in Marine Engineering$93027102 997 $aUNINA LEADER 04678nam 22011893a 450 001 9910346859403321 005 20250203235428.0 010 $a9783039212309 010 $a3039212303 024 8 $a10.3390/books978-3-03921-230-9 035 $a(CKB)4920000000095073 035 $a(oapen)https://directory.doabooks.org/handle/20.500.12854/54051 035 $a(ScCtBLL)b673131e-da05-4c38-be45-71afa5853d5a 035 $a(OCoLC)1126175312 035 $a(oapen)doab54051 035 $a(EXLCZ)994920000000095073 100 $a20250203i20192019 uu 101 0 $aeng 135 $aurmn|---annan 181 $ctxt$2rdacontent 182 $cc$2rdamedia 183 $acr$2rdacarrier 200 00$aMulti-Walled Carbon Nanotubes$fSimone Morais 210 $cMDPI - Multidisciplinary Digital Publishing Institute$d2019 210 1$aBasel, Switzerland :$cMDPI,$d2019. 215 $a1 electronic resource (184 p.) 311 08$a9783039212293 311 08$a303921229X 330 $aSince their discovery, multi-walled carbon nanotubes (MWCNTs) have received tremendous attention due to their unique electrical, optical, physical, chemical, and mechanical properties. Remarkable advances have been made in the synthesis, purification, structural characterization, functionalization, and application of MWCNTs. Their particular characteristics make them well suited for a plethora of applications in a number of fields, namely nanoelectronics, nanofluids, energy management, (electro)catalysis, materials science, construction of (bio)sensors based on different detection schemes, multifunctional nanoprobes for biomedical imaging, and sorbents for sample preparation or removal of contaminants from wastewater. They are also useful as anti-bacterial agents, drug delivery nanocarriers, etc. The current relevant application areas are countless. This Special Issue presents original research and review articles that address advances, trends, challenges, and future perspectives regarding synthetic routes, structural features, properties, behaviors, and industrial or scientific applications of MWCNTs in established and emerging areas. 606 $aTechnology: general issues$2bicssc 610 $agraphene oxide 610 $aMulti-Walled Carbon Nanotube (MWCNT) 610 $aelution 610 $agold nanoparticles 610 $aMHD 610 $aheck reaction 610 $adrug delivery 610 $acarbon-nanotubes 610 $awater based nanofluid 610 $azeolitic imidazolate framework 610 $aIonic liquid 610 $aelectroanalysis 610 $acurved stretching sheet 610 $amultiwalled carbon nanotubes 610 $alubricating oil additives 610 $ahydrophobic drugs 610 $aagricultural irrigation water 610 $apolarity 610 $acerium oxide 610 $aadsorption 610 $aelectrical properties 610 $anon-linear thermal radiation 610 $aelectrochemical properties 610 $ananomaterials 610 $aradar absorbing materials 610 $achloride diffusion 610 $aRAFT polymerization 610 $asynthesis methods 610 $agold(III) 610 $amechanical properties 610 $adissolution rate 610 $acarbon materials 610 $aelectrochemical sensors 610 $amagnetic solid phase extraction 610 $asilicone rubber 610 $aSingle-Walled Carbon Nanotube (SWCNT) 610 $aPd-CNT nanohybrids 610 $akinetics 610 $anonylphenol 610 $aboundary layer 610 $aCasson model 610 $asensing applications 610 $aorganochlorine pesticides 610 $acomposites 610 $amulti-wall carbon nanotube (MWCNT) 610 $apolymeric composites 610 $acarbon nanotubes 610 $astructural 610 $aazide-alkyne click chemistry 610 $afunctionalized carbon nanotubes 610 $aheat generation 610 $aEMI shielding 610 $agold(I) 610 $acement mortars 610 $asemi-homogeneous catalysis 610 $afunctionalized CNTs 610 $ananomedicine 610 $amulti-walled carbon nanotubes 610 $anumerical solution 610 $aPMMA 610 $aHAM 610 $acomplex permittivity 610 $athermal radiation 610 $astretching sheet 615 7$aTechnology: general issues 700 $aMorais$b Simone$01277973 801 0$bScCtBLL 801 1$bScCtBLL 906 $aBOOK 912 $a9910346859403321 996 $aMulti-Walled Carbon Nanotubes$93012326 997 $aUNINA